000 00651nam a2200193Ia 4500
003 GCL
008 140319s9999 xx 000 0 ara d
040 _aGCL /
_cGCL
082 0 4 _a301.1536
_bص د
100 1 _aصفاء الاعسر
245 1 0 _aدراسات سيكولوجية فى المجتمع القطرى /
_cصفاء الاعسر
300 _a263 ص
490 _aالهيئة العامة للاستعلامات
_v0
650 0 4 _aالعلوم الاجتماعية
650 0 4 _aعلم النفس الاجتماعى
650 0 4 _aالدراسات الاجتماعية
650 0 4 _aالبحوث الاجتماعية
942 _2ddc
_cBK
999 _c50499
_d50499